Skylanders Trap Team Villains - Statistics

General Stats
  • This quiz has been taken 186 times
  • The average score is 29 of 46
Answer Stats
Hint Answer % Correct
Life Chompy
92%
Earth Golden Queen
92%
You don't get to know this element you FOOL! Kaos
90%
Fire Chef Pepper Jack
86%
Water The Gulper
86%
Life Chompy Mage
84%
Undead Wolfgang
84%
Air Dreamcatcher
80%
Tech Dr. Krankcase
77%
Water Chill Bill
76%
Life Sheep Creep
75%
Undead Bone Chompy
70%
Air Bad Juju
69%
Life Broccoli Guy
67%
Magic Pain-Yatta
67%
Light Eye-Five
65%
Earth Grave Clobber
65%
Dark Eye Scream
64%
Earth Chomp Chest
63%
Undead Hood Sickle
63%
Dark Nightshade
63%
Light Luminous
62%
Earth Tussle Sprout
61%
Air Buzzer Beak
60%
Dark Tae Kwon Crow
60%
Magic Bomb Shell
59%
Water Slobber Trap
59%
Light Blaster Tron
58%
Magic Rage Mage
58%
Water Brawl and Chain
57%
Life Cuckoo Clocker
56%
Tech Bruiser Cruiser
55%
Water Cross Crow
55%
Fire Smoke Scream
55%
Tech Brawlrus
53%
Tech Shrednaught
53%
Air Krankenstein
50%
Undead Masker Mind
49%
Water Threatpack
49%
Fire Grinnade
47%
Tech Trolling Thunder
45%
Tech Mab Lobs
43%
Dark Fisticuffs
42%
Life Shield Shredder
41%
Fire Scrap Shooter
40%
Light Lob Goblin
37%
No matching quizzes found
Score Distribution
Percent of People with Each Score
Percentile by Number Answered
Your Score History
You have not taken this quiz